Statistics for Songs in the Rock Band Series

Click here to take the quiz!

General Stats

  • This quiz has been taken 6 times
    (5 since last reset)
  • The average score is 23 of 277

Answer Stats

GameArtistSong% Correct
Rock Band 2Bon JoviLivin' on a Prayer
80%
Rock BandSoundgardenBlack Hole Sun
60%
Rock Band 3QueenBohemian Rhapsody
60%
Rock BandMetallicaEnter Sandman
60%
Rock Band 3Tears for FearsEverybody Wants to Rule the World
60%
Rock Band 2Fleetwood MacGo Your Own Way
60%
Rock Band 3Deep PurpleSmoke on the Water
60%
Rock BandBon JoviWanted Dead or Alive
60%
Rock Band 3The J. Geils BandCenterfold
40%
Rock Band 3Ozzy OsbourneCrazy Train
40%
Rock BandBlue Öyster Cult(Don't Fear) The Reaper
40%
Rock Band 2Foo FightersEverlong
40%
Rock Band 3Lynyrd SkynyrdFree Bird
40%
Rock Band 4The CureFriday I'm in Love
40%
Rock BandThe Rolling StonesGimme Shelter
40%
Rock Band 3WhitesnakeHere I Go Again
40%
Rock Band 3Joan Jett and the BlackheartsI Love Rock N' Roll
40%
Rock Band 3John LennonImagine
40%
Rock Band 3The RaveonettesLast Dance
40%
Rock BandBlack SabbathParanoid
40%
Rock Band 2The WhoPinball Wizard
40%
Rock Band 2Norman GreenbaumSpirit in the Sky
40%
Rock Band 3Huey Lewis and the NewsThe Power of Love
40%
Rock BandRushTom Sawyer
40%
Rock Band 3T. Rex20th Century Boy
20%
Rock Band 2MotörheadAce of Spades
20%
Rock Band 2Pearl JamAlive
20%
Rock Band 2The Guess WhoAmerican Woman
20%
Rock Band 2Jethro TullAqualung
20%
Rock BandJetAre You Gonna Be My Girl
20%
Rock BandThe SweetBallroom Blitz
20%
Rock Band 3Jane's AddictionBeen Caught Stealing
20%
Rock BandRamonesBlitzkrieg Bop
20%
Rock Band 4Van MorrisonBrown Eyed Girl
20%
Rock Band 2KansasCarry On Wayward Son
20%
Rock Band 3ForeignerCold as Ice
20%
Rock BandRadioheadCreep
20%
Rock BandRed Hot Chili PeppersDani California
20%
Rock Band 3The PoliceDon't Stand So Close to Me
20%
Rock Band 3RammsteinDu Hast
20%
Rock Band 2SurvivorEye of the Tiger
20%
Rock BandMolly HatchetFlirtin' With Disaster
20%
Rock Band 3Steve Miller BandFly Like an Eagle
20%
Rock Band 4Gin BlossomsFollow You Down
20%
Rock Band 4The WarningFree Falling
20%
Rock Band 3Bob Marley and the WailersGet Up, Stand Up
20%
Rock Band 2Red Hot Chili PeppersGive It Away
20%
Rock BandDeep PurpleHighway Star
20%
Rock Band 2Duran DuranHungry Like the Wolf
20%
Rock Band 3James BrownI Got You (I Feel Good)
20%
Rock BandNirvanaIn Bloom
20%
Rock Band 3RamonesI Wanna Be Sedated
20%
Rock BandFoo FightersLearn to Fly
20%
Rock Band 2Alice in ChainsMan in the Box
20%
Rock BandYeah Yeah YeahsMaps
20%
Rock BandMountainMississippi Queen
20%
Rock Band 3INXSNeed You Tonight
20%
Rock Band 2BlondieOne Way or Another
20%
Rock Band 2Judas PriestPainkiller
20%
Rock Band 2MegadethPeace Sells
20%
Rock Band 3Stone Temple PilotsPlush
20%
Rock Band 3Golden EarringRadar Love
20%
Rock Band 2The Allman Brothers BandRamblin' Man
20%
Rock Band 3Amy WinehouseRehab
20%
Rock Band 2RattRound and Round
20%
Rock BandIron MaidenRun to the Hills
20%
Rock Band 3Elton JohnSaturday Night's Alright for Fighting
20%
Rock BandThe ClashShould I Stay or Should I Go
20%
Rock Band 3Night RangerSister Christian
20%
Rock Band 4The KillersSomebody Told Me
20%
Rock Band 3Marilyn MansonThe Beautiful People
20%
Rock Band 3The White StripesThe Hardest Button to Button
20%
Rock Band 3RoxetteThe Look
20%
Rock Band 4AerosmithToys in the Attic
20%
Rock BandAerosmithTrain Kept-A-Rollin'
20%
Rock Band 3Smash MouthWalking on the Sun
20%
Rock Band 3Dire StraitsWalk of Life
20%
Rock Band 3Warren ZevonWerewolves of London
20%
Rock Band 44 Non BlondesWhat's Up?
20%
Rock BandThe KillersWhen You Were Young
20%
Rock Band 2Billy IdolWhite Wedding (Part 1)
20%
Rock BandThe WhoWon't Get Fooled Again
20%
Rock Band 3Chicago25 or 6 to 4
0%
Rock Band 4Gary Clark Jr.Ain't Messin' 'Round
0%
Rock Band 2The Main DragA Jagged Gorgeous Winter
0%
Rock Band 2Grateful DeadAlabama Getaway
0%
Rock Band 4Eddie JapanAlbert
0%
Rock Band 2The ReplacementsAlex Chilton
0%
Rock Band 4LiveAll Over You
0%
Rock Band 2Avenged SevenfoldAlmost Easy
0%
Rock Band 3Poni HoaxAntibodies
0%
Rock Band 2JourneyAny Way You Want It
0%
Rock Band 4RushA Passage to Bangkok
0%
Rock Band 4Arctic MonkeysArabella
0%
Rock Band 4White DenimAt Night in Dreams
0%
Rock Band 2Joan JettBad Reputation
0%
Rock Band 2MetallicaBattery
0%
Rock Band 3Avenged SevenfoldBeast and the Harlot
0%
Rock Band 3SlipknotBefore I Forget
0%
Rock Band 4St. VincentBirth in Reverse
0%
Rock Band 2Steely DanBodhisattva
0%
Rock Band 3The DoorsBreak on Through (To the Other Side)
0%
Rock Band 3AnthraxCaught in a Mosh
0%
Rock Band 4.38 SpecialCaught Up in You
0%
Rock Band 4U2Cedarwood Road
0%
Rock BandHoleCelebrity Skin
0%
Rock Band 4Fall Out BoyCenturies
0%
Rock BandSmashing PumpkinsCherub Rock
0%
Rock Band 3The Doobie BrothersChina Grove
0%
Rock Band 2System of a DownChop Suey
0%
Rock Band 4Johnny Blazes and the Pretty BoysCold Clear Light
0%
Rock Band 2MastodonColony of Birchmen
0%
Rock Band 3MetricCombat Baby
0%
Rock Band 2The OffspringCome Out and Play
0%
Rock Band 2SpeckConventional Lover
0%
Rock Band 2SqueezeCool for Cats
0%
Rock Band 3The Jimi Hendrix ExperienceCrosstown Traffic
0%
Rock Band 4Soul RemnantsDead Black (Heart of Ice)
0%
Rock Band 3Them Crooked VulturesDead End Freinds
0%
Rock BandFall Out BoyDead on Arrival
0%
Rock Band 2LushDe-Luxe
0%
Rock BandKissDetroit Rock City
0%
Rock Band 3Riverboat GamblersDon't Bury Me... I'm Still Not Dead
0%
Rock Band 2DisturbedDown with the Sickness
0%
Rock Band 2NirvanaDrain You
0%
Rock Band 4Lightning BoltDream Genie
0%
Rock BandThe New PornographersElectric Version
0%
Rock BandFaith No MoreEpic
0%
Rock Band 2BeckE-Pro
0%
Rock Band 3The BronxFalse Alarm
0%
Rock Band 2Dinosaur Jr.Feel the Pain
0%
Rock Band 4The Black KeysFever
0%
Rock Band 2Modest MouseFloat On
0%
Rock Band 3Def LepperdFoolin'
0%
Rock BandBostonForeplay/Long Time
0%
Rock Band 2Anarchy ClubGet Clean
0%
Rock Band 3The VinesGet Free
0%
Rock Band 2AFIGirl's Not Grey
0%
Rock Band 2Rise AgainstGive It All
0%
Rock Band 3The Beach BoysGood Vibrations
0%
Rock BandQueens of the Stone AgeGo With the Flow
0%
Rock BandThe OutlawsGreen Grass and High Tides
0%
Rock Band 4Avenged SevenfoldHail to the King
0%
Rock Band 4Judas PriestHalls of Valhalla
0%
Rock Band 3BlondieHeart of Glass
0%
Rock Band 2Cheap TrickHello There
0%
Rock BandOK GoHere It Goes Again
0%
Rock Band 3FilterHey Man, Nice Shot
0%
Rock Band 3Tokio HotelHumanoid
0%
Rock Band 4Heaven's BasementI Am Electric
0%
Rock Band 4Imagine DragonsI Bet My Life
0%
Rock Band 3The WhoI Can See for Miles
0%
Rock Band 4HalestormI Miss the Misery
0%
Rock Band 3Big CountryIn a Big Country
0%
Rock Band 3Tom Petty and the HeartbreakersI Need to Know
0%
Rock Band 3SpacehogIn the Meantime
0%
Rock BandGarbageI Think I'm Paranoid
0%
Rock Band 2Social DistortionI Was Wrong
0%
Rock Band 4U2I Will Follow
0%
Rock Band 3PrimusJerry Was a Race Car Driver
0%
Rock Band 3The CureJust Like Heaven
0%
Rock Band 4HeartKick It Out
0%
Rock Band 2The MuffsKids in America
0%
Rock Band 3HIMKilling Loneliness
0%
Rock Band 3DoverKing George
0%
Rock Band 4Duck and CoverKnock 'Em Down
0%
Rock Band 3PhoenixLasso
0%
Rock Band 4Jack WhiteLazaretto
0%
Rock Band 2Silversun PickupsLazy Eye
0%
Rock Band 2AC/DCLet There Be Rock
0%
Rock Band 4SlydigsLight the Fuse
0%
Rock Band 4The ProtomenLight Up the Night
0%
Rock Band 4Spin DoctorsLittle Miss Can't Be Wrong
0%
Rock Band 4Little Big TownLittle White Church
0%
Rock Band 3The SoundsLiving in America
0%
Rock Band 3PhishLlama
0%
Rock Band 3WARLow Rider
0%
Rock Band 2Presidents of the United States of AmericaLump
0%
Rock BandThe HivesMain Offender
0%
Rock Band 4Brandi CarlileMainstream Kid
0%
Rock Band 2Tenacious DMaster Exploder
0%
Rock Band 3JuanesMe Enamora
0%
Rock Band 4Dream TheaterMetropolis—Part I: "The Miracle and the Sleeper"
0%
Rock Band 3Faith No MoreMidlife Crisis
0%
Rock Band 4The BothMilwaukee
0%
Rock Band 4Ozzy OsbourneMiracle Man
0%
Rock Band 3ParamoreMisery Business
0%
Rock Band 2Jane's AddictionMountain Song
0%
Rock Band 4Queens of the Stone AgeMy God is the Sun
0%
Rock Band 2LitMy Own Worst Enemy
0%
Rock Band 2The DonnasNew Kid in School
0%
Rock BandThe PoliceNext to You
0%
Rock Band 2Bang CamaroNight Lies
0%
Rock Band 2Panic! at the DiscoNine in the Afternoon
0%
Rock Band 3Queens of the Stone AgeNo One Knows
0%
Rock Band 4ScopionsNo One Like You
0%
Rock Band 3Ida MariaOh My God
0%
Rock Band 3At the Drive-InOne Armed Scissor
0%
Rock Band 2Linkin ParkOne Step Closer
0%
Rock BandR.E.M.Orange Crush
0%
Rock Band 2Lacuna CoilOur Truth
0%
Rock Band 3The MuffsOuter Space
0%
Rock Band 3ManáOye Mi Amor
0%
Rock Band 4Van HalenPanama
0%
Rock Band 2Dream TheaterPanic Attack
0%
Rock Band 2InterpolPDA
0%
Rock Band 4Tijuana SweetheartPistol Whipped
0%
Rock Band 3Rilo KileyPortions for Foxes
0%
Rock Band 4DisturbedPrayer
0%
Rock Band 2L7Pretend We're Dead
0%
Rock Band 2Talking HeadsPsycho Killer
0%
Rock Band 2Elvis CostelloPump It Up
0%
Rock Band 3DioRainbow in the Dark
0%
Rock Band 2Bikini KillRebel Girl
0%
Rock Band 4Jeff Allen featuring Noelle LeBlanc and Naoko TakamotoRecession
0%
Rock BandThe StrokesReptilia
0%
Rock Band 2That Handsome DevilRob the Prez-O-Dent
0%
Rock Band 4Rick DerringerRock and Roll, Hoochie Koo
0%
Rock Band 3The B-52'sRock Lobster
0%
Rock Band 2Steve Miller BandRock'n Me
0%
Rock Band 3YesRoundabout
0%
Rock BandBeastie BoysSabotage
0%
Rock BandWeezerSay It Ain't So
0%
Rock Band 2Guns N' RosesShackler's Revenge
0%
Rock Band 2Bad CompanyShooting Star
0%
Rock Band 4CakeShort Skirt/Long Jacket
0%
Rock Band 2Breaking WheelShoulder to the Plow
0%
Rock Band 3Pretty Girls Make GravesSomething Bigger, Something Brighter
0%
Rock Band 2TestamentSouls of Black
0%
Rock Band 2Beastie BoysSo What'cha Want
0%
Rock Band 3David BowieSpace Oddity
0%
Rock Band 4System of a DownSpiders
0%
Rock Band 2SoundgardenSpoonman
0%
Rock Band 4Brad Paisley featuring Keith UrbanStart a Band
0%
Rock Band 4ParamoreStill Into You
0%
Rock Band 3The SmithsStop Me If You Think You've Heard This One Before
0%
Rock BandDavid BowieSuffragette City
0%
Rock Band 4SoundgardenSuperunknown
0%
Rock Band 2The SternsSupreme Girl
0%
Rock Band 4Elvis PresleySuspicious Minds
0%
Rock Band 2Bob DylanTangled Up in Blue
0%
Rock Band 2Sonic YouthTeen Age Riot
0%
Rock Band 2Rage Against the MachineTestify
0%
Rock Band 4Lynyrd SkynyrdThat Smell
0%
Rock Band 2ParamoreThat's What You Get
0%
Rock Band 3Tegan and SaraThe Con
0%
Rock Band 4Foo FightersThe Feast and the Famine
0%
Rock BandNine Inch NailsThe Hand That Feeds
0%
Rock Band 4The Mighty Mighty BosstonesThe Impression That I Get
0%
Rock Band 3Echo and the BunnymenThe Killing Moon
0%
Rock Band 2Jimmy Eat WorldThe Middle
0%
Rock Band 4R.E.M.The One I Love
0%
Rock Band 4The WhoThe Seeker
0%
Rock Band 2RushThe Trees
0%
Rock Band 4ScandalThe Warrior
0%
Rock Band 4Mumford and SonsThe Wolf
0%
Rock Band 3Swingin' UttersThis Bastard's Life
0%
Rock Band 2The Smashing PumpkinsToday
0%
Rock Band 4GrouploveTongue Tied
0%
Rock Band 4LuciusTurn It Around
0%
Rock Band 2DevoUncontrollable Urge
0%
Rock Band 4Mark Ronson featuring Bruno MarsUptown Funk
0%
Rock BandStone Temple PilotsVasoline
0%
Rock Band 4Dark WheelsV-Bomb
0%
Rock Band 4Benjamin BookerViolent Shiver
0%
Rock Band 2AbnormalityVisions
0%
Rock Band 3HypernovaViva La Resistance
0%
Rock BandPixiesWave of Mutilation
0%
Rock Band 2The Go-Go'sWe Got the Beat
0%
Rock BandCoheed and CambriaWelcome Home
0%
Rock Band 2LibyansWelcome to the Neighborhood
0%
Rock Band 2The Mighty Mighty BosstonesWhere'd You Go?
0%
Rock Band 3DevoWhip It
0%
Rock Band 3The Flaming LipsYoshimi Battles the Pink Robots Pt. 1
0%
Rock Band 4Fleetwood MacYou Make Loving Fun
0%
Rock Band 2Alanis MorissetteYou Oughta Know
0%
Rock Band 4The OutfieldYour Love
0%

Score Distribution

Percentile by Number Answered

Percent of People with Each Score

Your Score History

You have not taken this quiz since the last reset